WWE Finishers - Statistics

General Stats
  • This quiz has been taken 1,809 times
  • The average score is 11 of 15
Answer Stats
Hint Answer % Correct
Randy Orton RKO
95%
The Rock Rock Bottom
94%
Edge Spear
91%
Dolph Ziggler Zig Zag
88%
Cm Punk G.T.S
84%
Undertanker Tombstone
84%
John Cena Attitude Adjustment
83%
Shawn Michaels Sweet Chin Music
83%
Sheamus Brogue Kick
80%
Kofi Kingston Trouble in Paradise
77%
Chris Jericho Codebreaker
75%
The Miz Skull Crushing Finale
75%
Justin Gabriel 450 Splash
40%
Alberto Del Rio Cross Armbreaker
37%
Big Show KO Punch WMD
14%
No matching quizzes found
Score Distribution
Percent of People with Each Score
Percentile by Number Answered
Your Score History
You have not taken this quiz